| 000 | 00577nam a22002057a 4500 | ||
|---|---|---|---|
| 005 | 20231201152057.0 | ||
| 010 | _aENG-138542 | ||
| 020 |
_a9788192444109 _c400.00 |
||
| 035 | _aEN-122074 | ||
| 037 | _bDBAD/PUB | ||
| 082 | _a480 | ||
| 100 |
_aRakesh Sukhdev More _959347 |
||
| 245 |
_aEncyclopedia of English Speaking/ _cBy Rakesh Sukhdev More |
||
| 250 |
_a1 _b14th oct, 2012 |
||
| 260 |
_aMumbai _bPithy Publication |
||
| 270 |
_bMumbai _mpithypublication@gmail.com |
||
| 300 |
_a411p. _c28.5cm(pbk) |
||
| 490 | _v1 | ||
| 942 |
_2ddc _cEN _h480 _mENC _e1 |
||
| 999 |
_c199391 _d199391 |
||